|
|
|
|
| LEADER |
01788nam a22004571i 4500 |
| 001 |
EBC1587908 |
| 003 |
MiAaPQ |
| 005 |
20200520144314.0 |
| 006 |
m o d | |
| 007 |
cr cnu|||||||| |
| 008 |
131220t20132013dcua ob 001 0 eng d |
| 020 |
|
|
|z 9781484303931
|
| 020 |
|
|
|a 9781484372821
|q (electronic bk.)
|
| 035 |
|
|
|a (MiAaPQ)EBC1587908
|
| 035 |
|
|
|a (Au-PeEL)EBL1587908
|
| 035 |
|
|
|a (CaPaEBR)ebr10810837
|
| 035 |
|
|
|a (CaONFJC)MIL546501
|
| 035 |
|
|
|a (OCoLC)867928042
|
| 040 |
|
|
|a MiAaPQ
|b eng
|e rda
|e pn
|c MiAaPQ
|d MiAaPQ
|
| 043 |
|
|
|a a-cc---
|
| 050 |
|
4 |
|a HC427.92
|b .C466 2013
|
| 245 |
0 |
0 |
|a China's economy in transition :
|b from external to internal rebalancing /
|c edited by Anoop Singh, Malhar Nabar, and Papa N'Diaye.
|
| 264 |
|
1 |
|a Washington, D.C. :
|b International Monetary Fund,
|c [2013]
|
| 264 |
|
4 |
|c 2013
|
| 300 |
|
|
|a 1 online resource (293 pages) :
|b illustrations
|
| 336 |
|
|
|a text
|2 rdacontent
|
| 337 |
|
|
|a computer
|2 rdamedia
|
| 338 |
|
|
|a online resource
|2 rdacarrier
|
| 504 |
|
|
|a Includes bibliographical references and index.
|
| 588 |
|
|
|a Description based on online resource; title from PDF title page (ebrary, viewed December 20, 2013).
|
| 590 |
|
|
|a Electronic reproduction. Ann Arbor, MI : ProQuest, 2015. Available via World Wide Web. Access may be limited to ProQuest affiliated libraries.
|
| 650 |
|
0 |
|a Globalization
|x Economic aspects
|z China.
|
| 650 |
|
0 |
|a Globalization
|x Political aspects
|z China.
|
| 650 |
|
0 |
|a Exports
|z China.
|
| 651 |
|
0 |
|a China
|x Economic conditions.
|
| 655 |
|
4 |
|a Electronic books.
|
| 700 |
1 |
|
|a Singh, Anoop.
|
| 700 |
1 |
|
|a Nabar, Malhar.
|
| 700 |
1 |
|
|a Ndiaye, Papa Moussa.
|
| 797 |
2 |
|
|a ProQuest (Firm)
|
| 856 |
4 |
0 |
|u https://ebookcentral.proquest.com/lib/matrademy/detail.action?docID=1587908
|z Click to View
|